Řidiči podstupujúci dopravněpsychologické vyšetření v ČR

Problematika minimálnych požiadaviek na fyzický a duševný stav pri riadení motorového vozidla a smernica 91/439/EEC. Interdisciplinárny model pre podporu a zaistenie spôsobilosti k riadeniu motorových vozidiel v Európe (PASS - Psychological and Medical Assistance for Safe Mobility).

Na minha lista:
Detalhes bibliográficos
Autor principal: Šucha, Matúš
Formato: Capítulo de Livro
Idioma:tcheco
Assuntos:
Tags: Adicionar Tag
Sem tags, seja o primeiro a adicionar uma tag!

MARC

LEADER 00000naa a2200000 4500
001 0220297
005 20221019173720.6
041 0 |a cze 
044 |a CZ 
245 1 0 |a Řidiči podstupujúci dopravněpsychologické vyšetření v ČR  |c Matúš Šucha ... [et al.] 
520 |a Problematika minimálnych požiadaviek na fyzický a duševný stav pri riadení motorového vozidla a smernica 91/439/EEC. Interdisciplinárny model pre podporu a zaistenie spôsobilosti k riadeniu motorových vozidiel v Európe (PASS - Psychological and Medical Assistance for Safe Mobility). 
610 2 0 |a psychológia riadenia 
610 2 0 |a kompetentnosť sociálna 
610 2 0 |a spôsobilosť k práci 
610 2 0 |a vyhlášky 
610 2 0 |a smernice 
610 2 0 |a vodiči 
610 2 0 |a riadenie 
610 2 0 |a vozidlá motorové 
100 1 |a Šucha, Matúš